000 00238nam a2200097Ia 4500
008 230907s9999||||xx |||||||||||||| ||und||
082 _a333.7915,TRA
245 0 _aTrade, the WTO and energy security/
300 _aix, 182 p.:
942 _cBK
999 _c597534
_d597534